Statistics for Last Lines of Movies

Click here to take the quiz!

General Stats

  • This quiz has been taken 56,381 times
    (27,632 since last reset)
  • The average score is 10 of 18

Answer Stats

YearLast LineMovie% Correct
1990Kevin, what did you do to my room?Home Alone
80%
1939There's no place like home!The Wizard of Oz
75%
1995That’ll do, pig. That’ll do.Babe
67%
1976Yo, Adrian, we did it. We did it.Rocky
63%
2008We will hunt him down because he can take it. Because he's not our hero.
He's a silent guardian. A watchful protector. A ____ ______.
The Dark Knight
63%
1979This is Ripley, last survivor of the Nostromo, signing off.Alien
62%
1991I do wish we could chat longer, but I'm having an old friend for dinner.The Silence of
the Lambs
62%
1985Roads? Where we're going, we don't need roads.Back to the Future
61%
1985But what we found out is that each one of us is a brain... and an athlete... and a
basket case... a princess... and a criminal. Does that answer your question?
Sincerely yours, ___ _______ ____.
The Breakfast Club
55%
1994I hope I can make it across the border. I hope to see my friend and shake his hand.
I hope the Pacific is as blue as it has been in my dreams. I hope.
The Shawshank
Redemption
55%
1942Louis, I think this is the beginning of a beautiful friendship.Casablanca
54%
1933Oh, no! It wasn't the airplanes. It was Beauty killed the Beast.King Kong
52%
1939And I'll think of some way to get him back. After all... tomorrow is another day.Gone with the Wind
41%
1995The greatest trick the Devil ever pulled was convincing the world he didn't exist.
And like that, he's gone.
The Usual Suspects
38%
1986(After the credits) You're still here? It's over! Go home. Go!Ferris Bueller's Day Off
36%
1987As you wish.The Princess Bride
36%
1979The horror, the horror.Apocalypse Now
27%
1991Do I still have to sleep in the cupboard?Beauty and the Beast
24%

Score Distribution

Percentile by Number Answered

Percent of People with Each Score

Your Score History

You have not taken this quiz since the last reset